| 000 | 00470nam a2200109Ia 4500 | ||
|---|---|---|---|
| 008 | 171204s9999 xx 000 0 und d | ||
| 245 | _aElectrical Energy Storage in Transportation Systems: (Iste in Electrical Engineering) | ||
| 245 | _cBeno?t Robyns, Bruno Sareni, Christophe Saudemont, Daniel Hissel, Julien Pouget &3, and Xavier Roboam | ||
| 260 | _c2016 | ||
| 650 | _xTransportation Operation Management | ||
| 856 | _uhttp://down.ebook777.com/029/978-1-84821-980-9.pdf | ||
| 999 |
_c346724 _d346724 |
||